| 000 | 01938nam a2200385 4500 | ||
|---|---|---|---|
| 003 | OSt | ||
| 005 | 20250214091815.0 | ||
| 007 | cr ||||||a|c|a | ||
| 008 | 240430s2023 mx |||fom||| 001 0 spa d | ||
| 040 | _erda | ||
| 100 | 1 |
_9189047 _aMonreal Rentería, María del Carmen |
|
| 245 | 1 | 0 |
_aImpacto de la productividad, los precios y la producción campesina y empresarial en la economía lechera- bovina de Zacatecas / _cpor María del Carmen Monreal Rentería; dirección José Luis Ríos Flores; codirectora Nidia Susana Sifuentes Rodríguez; secretario Ignacio Caamal Cahuich; vocal Felipe Jerónimo Asencio; suplente Sigifredo Armendáriz Erives; suplente Nidia Susana Sifuentes Rodríguez |
| 264 | 1 |
_aChapingo, México : _bEl autor, _c2023 |
|
| 300 | _a1 recurso en línea (67 páginas). | ||
| 336 |
_2rdacontent _atexto _btxt |
||
| 337 |
_2rdamedia _acomputadora _bc |
||
| 338 |
_2rdacarrier _arecurso en línea _bcr |
||
| 502 |
_bLAHP _cFitotecnia _d2023. _gLIC |
||
| 504 | _aIncluye referencias bibliográficas: páginas | ||
| 505 | _aincluye índice, índice de cuadros, índice de figuras | ||
| 650 | 4 |
_9140754 _aGanado bovino _xProducción |
|
| 650 | 4 |
_965400 _aLeche _xProducción |
|
| 650 | 4 |
_9132393 _aIndustria lechera _xAspectos económicos |
|
| 650 | 4 |
_9138960 _aGanado bovino _xAspectos económicos |
|
| 650 | 4 |
_965400 _aLeche _xProducción |
|
| 650 | 4 |
_9144521 _aHato lechero |
|
| 700 | 1 |
_999197 _aRíos Flores, José Luis _eDirector |
|
| 700 | 1 |
_9189050 _aSifuentes Rodríguez, Nidia Susana _eCodirectora |
|
| 700 | 1 |
_aCaamal Cauich, Ignacio _eSecretario _916527 |
|
| 700 | 1 |
_9189049 _aJerónimo Asencio, Felipe _eVocal |
|
| 700 | 1 |
_97168 _aArmendariz Erives, Sigifredo _eSuplente |
|
| 700 | 1 |
_9189050 _aSifuentes Rodríguez, Nidia Susana _eSuplente |
|
| 856 |
_uhttp://10.13.5.2/tesis/tl/1411659-4_MONREAL_RENTERIA_MARIADELCARMEN.pdf _zDESCARGAR PDF |
||
| 942 |
_2Clasificación Universidad Autónoma Chapingo _cTD |
||
| 999 |
_c219897 _d219897 |
||